| 000 | 004990000a22001690004500 | ||
|---|---|---|---|
| 003 | MACL | ||
| 005 | 20160319131558.0 | ||
| 008 | 160319b xxu||||| |||| 00| 0 eng d | ||
| 040 |
_aMACL _cMACL |
||
| 041 | _aHindi | ||
| 082 | _a920 | ||
| 100 |
_aभक्त कवि _947360 |
||
| 245 | _aतुलसीदास | ||
| 260 |
_bहिन्द पॉकेट बुक्स लिमिटेड _c1987 _aदिल्ली |
||
| 650 |
_aBiography _947361 |
||
| 942 |
_cHIN _k920 _2ddc |
||
| 999 |
_c29126 _d29126 |
||